| 000 | 00812nam a22001577a 4500 | ||
|---|---|---|---|
| 003 | OSt | ||
| 005 | 20151203143504.0 | ||
| 008 | 151203b xxu||||| |||| 00| 0 eng d | ||
| 040 | _cRUA | ||
| 082 | _aFIS TAN 2006 B178 Or.1 | ||
| 100 |
_94219 _aTAN TOKLA; តាន់ តុលា |
||
| 245 | _aFish seed demand for small scale aquaculture in santuk district, kampong thom province, ការផ្គត់ផ្គង់តំរូវការកូនត្រីពូជសំរាប់ទ្រទ្រង់ដល់ការចិញ្ចឹមត្រី ជាលក្ខណៈគ្រួសារ នៅក្នុុុុងស្រុកសន្ទុក ខេត្តកំពង់ធំ. | ||
| 260 |
_aPhnom Penh _bRUA _c2006 |
||
| 300 |
_axi; 40p. _bill. _c29cm. |
||
| 942 |
_2ddc _cFIS |
||
| 999 |
_c3934 _d3934 |
||